What makes an ocean wave? : (Record no. 114733)
[ view plain ]
| 000 -LEADER | |
|---|---|
| fixed length control field | 00505nam a2200169 a 4500 |
| 005 - DATE AND TIME OF LATEST TRANSACTION | |
| control field | 20140414132110.0 |
| 008 - FIXED-LENGTH DATA ELEMENTS--GENERAL INFORMATION | |
| fixed length control field | 110513s19uu xx 00 eng d |
| 050 ## - LIBRARY OF CONGRESS CALL NUMBER | |
| Classification number | REF 551.46 |
| Item number | B35 2000 |
| 100 ## - MAIN ENTRY--PERSONAL NAME | |
| Personal name | Berger, Melvin |
| 245 ## - TITLE STATEMENT | |
| Title | What makes an ocean wave? : |
| Remainder of title | questions and answers about oceans and ocean life. |
| 260 ## - PUBLICATION, DISTRIBUTION, ETC. (IMPRINT) | |
| Place of publication, distribution, etc | New York : |
| Name of publisher, distributor, etc | Scholastic, |
| Date of publication, distribution, etc | 2000. |
| 440 ## - SERIES STATEMENT/ADDED ENTRY--TITLE | |
| Title | Scholastic question and answer series |
| 650 ## - SUBJECT ADDED ENTRY--TOPICAL TERM | |
| Topical term or geographic name as entry element | Oceanography |
| 650 ## - SUBJECT ADDED ENTRY--TOPICAL TERM | |
| Topical term or geographic name as entry element | Marine life |
| 650 ## - SUBJECT ADDED ENTRY--TOPICAL TERM | |
| Topical term or geographic name as entry element | Ocean |
| Withdrawn status | Lost status | Damaged status | Use restrictions | Home library | Current library | Shelving location | Date acquired | Source of acquisition | Cost, normal purchase price | Total Checkouts | Full call number | Barcode | Date last seen | Price effective from | Koha item type |
|---|---|---|---|---|---|---|---|---|---|---|---|---|---|---|---|
| Munich Library | Munich Library | Reference Section | 05/13/2011 | 225.00 | REF 551.46 B35 2000 | M6626 | 04/14/2014 | 04/14/2014 | Books |